000
00228 a2200097 4500
001
47291
100
_a
Warlimont, W
245
_a
Insid Hitler's HQ 1939-45
260
_a
London
_b
Weidenfeld & Nicolson
_c
090
_c
30331
_d
30331
942
_a
NUST-CAE
_c
M
_c
22594
999
_c
282364
_d
282364